000 00617nam a2200205 a 4500
005 20250128063745.0
008 991125s19751984bar 000 0 spa u
020 _a842540982X
035 _aUPN01000025498
049 _aCG
050 4 _aB840
_bP3.38
100 1 _aPaulus, Jean
245 1 3 _aLa función simbólica y el lenguaje /
_cJean Paulus ; tr. Victoriano Albillos.
260 _aBarcelona (Esp.) :
_bHerder,
_c1975 (1984 impr.).
300 _a153 p.
440 0 _aBiblioteca de psicología ;
_v22
650 4 _aSEMANTICA (FILOSOFIA)
_911673
650 2 _aSignificado (psicología)
_914374
905 _aLibro
999 _c25498
_d25498